| 000 | 00985nam a2200253 i 4500 | ||
|---|---|---|---|
| 001 | 14797 | ||
| 003 | ES-MaACL | ||
| 005 | 20250815043253.0 | ||
| 007 | t| | ||
| 008 | 990609s1998 sp ||||1| spa d | ||
| 020 | _a84-239-8909-7 | ||
| 080 | _a98(=134.2)".../1492" | ||
| 080 | _a98(=134.2)"14/15" | ||
| 245 | 0 | 3 |
_aLa época de los descubrimientos y las conquistas _b: (1400-1570) / _cpor Joseph Pérez... [et al.] ; coordinación y prólogo por Joseph Pérez. |
| 260 |
_aMadrid : _bEspasa-Calpe, _c1998. |
||
| 300 |
_a751 p. ; _c28 cm. |
||
| 490 | 1 |
_aHistoria de España Menéndez Pidal ; _v18 |
|
| 651 | 4 |
_aAmérica española- _xHistoria- _y1492-1600 (Descubrimiento y conquista) _97724 |
|
| 651 | 4 |
_aAmérica española- _xHistoria- _y1492-1600 (Descubrimiento y conquista) _97724 |
|
| 700 | 0 |
_aPérez, Joseph, _d1931-2020 _990589 |
|
| 830 | 0 | 0 |
_aHistoria de España Menéndez Pidal _v18 _9179677 |
| 852 |
_aES-MaACL _jJ-64 tº 18 _bR.127338 |
||
| 999 |
_c14797 _d14797 |
||